| 000 | 01342cam a22002535a 4500 | ||
|---|---|---|---|
| 001 | L160140 | ||
| 008 | 180808s2018 xxk f 000 0 eng d | ||
| 020 | _a97817832132143214 | ||
| 035 | _a(Sirsi) u160140 | ||
| 041 | 0 | _aeng | |
| 100 | 1 | _aHardman, Jason | |
| 245 | 0 | 0 |
_aValuing residential property purpose built for renting _h[old edition] |
| 260 |
_aLondon _bRICS _c2018 |
||
| 490 | 0 | _aRICS Professional Standards and Guidance UK | |
| 520 | _aProvides guidance on the general approach to valuation that should be adopted for the build-to-rent part of the residential investment sector and recognises that reflecting market practice? the principal basis should be an income-driven one. Includes form of tenancy, valuation considerations, Valuation approach, assessment of gross income, assessment of operating expenditure, Net income capitalisation, benchmarking, aggregate break-up value concluding with cash flow analysis | ||
| 520 | _aIn force until July 2018 | ||
| 590 | _aNTK | ||
| 650 | 2 | 4 | _aBUILD-TO-RENT |
| 651 | 4 | _aUnited Kingdom | |
| 690 |
_aValuation _96273 |
||
| 690 |
_aResidential property _96266 |
||
| 856 | 4 | 0 |
_uhttps://www.isurv.com/downloads/file/6317/archive_valuing_residential_property_purpose_built_for_renting_1st_edition_september_2014-july_2018 _zArchived on isurv (subscription only) |
| 942 |
_n0 _2ddc |
||
| 999 |
_c116245 _d116245 |
||